Financial management / (Record no. 41486)

MARC details
000 -LEADER
fixed length control field 00708nam a22002057a 4500
005 - DATE AND TIME OF LATEST TRANSACTION
control field 20100813103430.0
010 ## - LCCN (DPL NO)
LC control number ENG-100019
020 ## - INTERNATIONAL STANDARD BOOK NUMBER
International Standard Book Number 9380060211
Terms of availability 200.00
035 ## - SYSTEM CONTROL NUMBER
System control number EN-83551
037 ## - SOURCE OF ACQUISITION
Source of stock number/acquisition DBAD/PUB
082 ## - DEWEY DECIMAL CLASSIFICATION NUMBER
Classification number 658.15
100 ## - MAIN ENTRY--PERSONAL NAME
Personal name Jayasankar,S
245 ## - TITLE STATEMENT
Title Financial management /
Statement of responsibility, etc by S.Jayasankar
260 ## - PUBLICATION, DISTRIBUTION, ETC. (IMPRINT)
Place of publication, distribution, etc Salem
Name of publisher, distributor, etc M.S.K Publications
Date of publication, distribution, etc 2009
270 ## - ADDRESS
Address 3/189-E, Athanoor Amman Kovil St.,
City Salem
Postal code 636103
300 ## - PHYSICAL DESCRIPTION
Extent 326p.
Dimensions 26cm (pbk)
650 ## - SUBJECT ADDED ENTRY--TOPICAL TERM
Topical term or geographic name as entry element Corporations Finance
942 ## - ADDED ENTRY ELEMENTS (KOHA)
Source of classification or shelving scheme Dewey Decimal Classification
Item type English Books
Classification part 658.15
Call number suffix JAY
Holdings
Withdrawn status Lost status Not for loan Collection code Home library Current library Date acquired Source of acquisition Cost, normal purchase price Full call number Barcode Cost, replacement price Koha item type
    Not For Loan Non-fiction D.B.Act.Division D.B.Act.Division 13/08/2010 DBAD / PUB 200.00 658.15 JAY EN-83551 200.00 English Books

© Delhi Public Library
Hit Counter
free hit counter